Normal view
MARC view
- الجربا، فيصل بن منيف، م. مشارك عدنان ساري الزبن
Entry Personal Name
001 - CONTROL NUMBER
- control field: 16145
003 - CONTROL NUMBER IDENTIFIER
- control field: JO-AjAnu
005 - DATE AND TIME OF LATEST TRANSACTION
- control field: 20230606072856.0
008 - FIXED-LENGTH DATA ELEMENTS
- fixed length control field: 230606|| aca||aabn | a|a d
040 ## - CATALOGING SOURCE
- Original cataloging agency: JO-AjAnu
- Transcribing agency: JO-AjAnu
100 ## - HEADING--PERSONAL NAME
- Personal name: الجربا، فيصل بن منيف، م. مشارك عدنان ساري الزبن
670 ## - SOURCE DATA FOUND
- Source citation: Work cat.: (JO-AjAnu)8288: الجربا، فيصل بن منيف، م. مشارك عدنان ساري الزبن, author, الفارس الذي ترجل: الشيخ الشهيد شعلان بن منيف الفيصل الجربا